000 00651nam a2200217 a 4500
005 20240504063738.0
008 991125s1979 es 000 0 spa u
020 _a8429709363
035 _aUPN01000028445
049 _aCG
050 4 _aHM38
_bB4.38 1979
100 1 _aBernal, John Desmond,
_d1901-1971
_930753
245 1 0 _aHistoria social de la ciencia /
_cJohn D. Bernal ; tr. Juan Ramón Capella.
250 _a5a ed.
260 _aBarcelona, Esp. :
_bPenínsula,
_c1979.
300 _a2 v.
440 0 _aHistoria, ciencia, sociedad ;
_v9-10
650 4 _aCiencia
_xHistoria
_94695
650 4 _aCIENCIA Y CIVILIZACION
_93496
905 _aLibro
999 _c28445
_d28445